GUTS Tracklist By Streams - Statistics

General Stats
  • This quiz has been taken 8 times
  • The average score is 9 of 12
Answer Stats
# Streams Answer % Correct
1 1,402,822,593 vampire
100%
4 357,305,345 all-american bitch
83%
2 624,531,714 bad idea right?
83%
3 438,623,887 get him back!
83%
5 345,667,153 lacy
83%
7 281,907,199 love is embarrassing
83%
6 305,785,677 the grudge
83%
9 205,754,337 ballad of a homeschooled girl
67%
10 199,329,801 logical
67%
8 241,595,234 making the bed
67%
11 189,985,672 pretty isn't pretty
67%
12 158,191,053 teenage dream
67%
No matching quizzes found
Score Distribution
Percent of People with Each Score
Percentile by Number Answered
Your Score History
You have not taken this quiz